| Tag |
First Indicator |
Second Indicator |
Subfields |
| LEADER |
00000cam a2200000 a 4500 |
| 001 |
in00002390621 |
| 005 |
20151109055256.0 |
| 008 |
070827s2007 at b 001 0 eng d |
| 010 |
|
|
|a 2007408461
|
| 020 |
|
|
|a 9781741752175 (pbk.)
|
| 020 |
|
|
|a 1741752175 (pbk.)
|
| 029 |
1 |
|
|a NZ1
|b 11495514
|
| 029 |
1 |
|
|a AU@
|b 000041605310
|
| 035 |
|
|
|a (OCoLC)ocn173372058
|
| 035 |
|
|
|a (OCoLC)173372058
|
| 037 |
|
|
|b Allen & Unwin, 83 Alexander St, Crows Nest NSW 2065
|
| 040 |
|
|
|a ANL
|c DLC
|d BTCTA
|d BAKER
|d BWX
|d YDXCP
|d IXA
|d UtOrBLW
|
| 042 |
|
|
|a lccopycat
|
| 043 |
|
|
|a u-at---
|
| 049 |
|
|
|a TXAM
|
| 050 |
0 |
0 |
|a HM263
|b .B82 2007
|
| 082 |
0 |
0 |
|a 659.20994
|2 22
|
| 100 |
1 |
|
|a Burton, Bob,
|d 1959-
|
| 245 |
1 |
0 |
|a Inside spin :
|b the dark underbelly of the PR industry /
|c Bob Burton.
|
| 264 |
|
1 |
|a Crows Nest, N.S.W. :
|b Allen & Unwin,
|c 2007.
|
| 300 |
|
|
|a x, 313 pages ;
|c 20 cm.
|
| 336 |
|
|
|a text
|b txt
|2 rdacontent
|
| 337 |
|
|
|a unmediated
|b n
|2 rdamedia
|
| 338 |
|
|
|a volume
|b nc
|2 rdacarrier
|
| 504 |
|
|
|a Includes bibliographical references (pages 267-299) and index.
|
| 520 |
|
|
|a Corporate and government spin doctors invisibly influence just about every news story we read, see and hear. Perhaps even more significant is what they manage to keep out of the news altogether. Bob Burton peers inside the hidden world of corporate and government spin to reveal the extraordinary impact of the PR industry. He illuminates the hardball and soft tactics used by PR companies to smother dissenting viewpoints, mask sponsors, attack corporate competitors and influence politicians. Through a series of detailed case studies from both private and public sectors, he shows just how much PR controls what we see, hear and think about the organisations that manage our society.
|
| 650 |
|
0 |
|a Public relations.
|
| 650 |
|
0 |
|a Public relations
|z Australia.
|
| 650 |
|
0 |
|a Mass media
|x Influence.
|
| 856 |
4 |
1 |
|3 Table of contents
|u http://www.loc.gov/catdir/toc/fy0801/2007408461.html
|t 0
|
| 938 |
|
|
|a Baker and Taylor
|b BTCP
|n BK0007504228
|
| 938 |
|
|
|a Baker & Taylor
|b BKTY
|c 19.95
|d 19.95
|i 1741752175
|n 0007504228
|s active
|
| 938 |
|
|
|a Blackwell Book Service
|b BBUS
|n R2696260
|c $19.95
|
| 938 |
|
|
|a YBP Library Services
|b YANK
|n 2786724
|
| 945 |
|
|
|a PromptCat
|b 419617
|
| 946 |
|
|
|a stk
|
| 947 |
|
|
|a A14836782962
|
| 994 |
|
|
|a 92
|b TXA
|
| 948 |
|
|
|a cataloged
|b h
|c 2008/5/30
|d c
|e asalazar
|f 2:25:40 pm
|
| 999 |
|
|
|a MARS
|
| 999 |
f |
f |
|s c3714f6f-0b43-3d58-9263-9ea086d84a94
|i 8cc80578-8f0e-3449-add0-77eb7dc20b92
|t 0
|
| 952 |
f |
f |
|p ric
|a Texas A&M University
|b Rellis Campus
|c Joint Library Facility
|d Remote Storage
|t 0
|e HM263 .B82 2007
|h Library of Congress classification
|i unmediated -- volume
|m A14836782962
|
| 998 |
f |
f |
|a HM263 .B82 2007
|t 0
|l Remote Storage
|